| 000 | 00582nam a2200217 a 4500 | ||
|---|---|---|---|
| 001 | 86494 | ||
| 003 | BD-RjUL | ||
| 005 | 20260517145756.0 | ||
| 008 | 260517s1899 enk||||| |||| 00| 0 eng d | ||
| 035 | _a(BD-RjUL)86494 | ||
| 040 |
_aBD-RjUL _beng _cBD-RjUL |
||
| 041 | _aeng | ||
| 082 |
_223 _a843.7 _bBAP 1899 |
||
| 100 |
_aBalzac, Honoré de _918495 |
||
| 245 |
_aThe Peasants / _cby Honoré de Balzac |
||
| 250 | _aCaxton ed. | ||
| 260 |
_aLondon : _bThe Caxton Publishing Company, _c1899 |
||
| 300 |
_a512 p.; _c21 cm. |
||
| 650 |
_aFrench fiction _918499 |
||
| 942 |
_2ddc _cBK |
||
| 999 |
_c86494 _d86494 |
||